| 000 | 00678nam a2200181Ia 4500 | ||
|---|---|---|---|
| 008 | 240925s9999 xx 000 0 und d | ||
| 020 | _a9788131726228 | ||
| 082 | _a004.165 BRE | ||
| 100 | _aBrey ,Barry B. | ||
| 245 | 4 | _aThe intel microprocessors architecture, programming, and interfacing: 8086/8088, 80286, 80386, 80486, pentium, pentium pro processor, pentium II, pentium III, pentium 4, and core2 with 64-bit extensions | |
| 250 | _a8th | ||
| 260 |
_aUttar Pradesh: _bPearson Education Inc _c,2013. |
||
| 300 |
_a287p. _b0 _fOriginal |
||
| 500 | _aIncludes Index | ||
| 600 | _aComputer Science | ||
| 650 | _aComputer science, information & general works | ||
| 942 | _cBK | ||
| 999 |
_c17506 _d17506 |
||